[Event "9 Round Open"]
[Site "Enniscrone, Sligo, IE"]
[Date "2026.02.03"]
[Round "2"]
[White "Halvorsen, Benjamin"]
[Black "Rosol, Philip"]
[Result "1/2-1/2"]
[Board "7"]
[WhiteFideId "1516604"]
[BlackFideId "1664905"]
[WhiteElo "2007"]
[BlackElo "2271"]
[WhiteTeam "NOR"]
[BlackTeam "POL"]
[WhiteClock "0:02:11"]
[BlackClock "0:01:39"]
[Variant "Standard"]

1. e4 {[%clk 1:30:58]}  c5 {[%clk 1:29:32]} 2. Nf3 {[%clk 1:31:23]}  a6 {[%clk 1:29:40]} 3. c3 {[%clk 1:31:22]}  d5 {[%clk 1:29:59]} 4. exd5 {[%clk 1:31:04]}  Qxd5 {[%clk 1:30:22]} 5. d4 {[%clk 1:30:24]}  e6 {[%clk 1:30:35]} 6. Nbd2 {[%clk 1:28:16]}  Nf6 {[%clk 1:29:30]} 7. Nc4 {[%clk 1:22:18]}  Nbd7 {[%clk 1:27:31]} 8. Bg5 {[%clk 1:14:08]}  Be7 {[%clk 1:17:15]} 9. Ne3 {[%clk 1:09:44]}  Qd6 {[%clk 1:12:51]} 10. a4 {[%clk 1:01:47]}  b6 {[%clk 1:07:17]} 11. g3 {[%clk 0:58:51]}  cxd4 {[%clk 1:00:21]} 12. Qxd4 {[%clk 0:47:14]}  h6 {[%clk 0:53:49]} 13. Qxd6 {[%clk 0:44:21]}  Bxd6 {[%clk 0:54:08]} 14. Nc4 {[%clk 0:44:20]}  Bc7 {[%clk 0:50:39]} 15. Be3 {[%clk 0:42:07]}  Ng4 {[%clk 0:45:56]} 16. Bd2 {[%clk 0:34:17]}  Bb7 {[%clk 0:43:52]} 17. Bg2 {[%clk 0:34:12]}  Nge5 {[%clk 0:42:36]} 18. Ncxe5 {[%clk 0:34:25]}  Nxe5 {[%clk 0:42:55]} 19. Ke2 {[%clk 0:31:34]}  a5 {[%clk 0:41:17]} 20. b3 {[%clk 0:29:45]}  O-O {[%clk 0:28:52]} 21. Ne1 {[%clk 0:23:09]}  Bxg2 {[%clk 0:27:22]} 22. Nxg2 {[%clk 0:23:25]}  Rfd8 {[%clk 0:27:12]} 23. Rhd1 {[%clk 0:22:30]}  Rab8 {[%clk 0:22:54]} 24. Bf4 {[%clk 0:19:16]}  g5 {[%clk 0:22:16]} 25. Rxd8+ {[%clk 0:18:01]}  Rxd8 {[%clk 0:22:39]} 26. Bxe5 {[%clk 0:17:11]}  Bxe5 {[%clk 0:23:03]} 27. Rc1 {[%clk 0:17:28]}  Kf8 {[%clk 0:20:36]} 28. Ne3 {[%clk 0:17:16]}  Ke7 {[%clk 0:20:59]} 29. Nc4 {[%clk 0:16:22]}  Bc7 {[%clk 0:21:23]} 30. Ke3 {[%clk 0:08:44]}  Rd5 {[%clk 0:20:31]} 31. Na3 {[%clk 0:08:20]}  g4 {[%clk 0:19:04]} 32. Nb5 {[%clk 0:08:11]}  Bb8 {[%clk 0:17:28]} 33. b4 {[%clk 0:05:55]}  Re5+ {[%clk 0:16:19]} 34. Kd3 {[%clk 0:06:01]}  Rh5 {[%clk 0:14:45]} 35. Rh1 {[%clk 0:06:09]}  Rd5+ {[%clk 0:12:46]} 36. Ke3 {[%clk 0:05:58]}  h5 {[%clk 0:12:10]} 37. Rb1 {[%clk 0:04:44]}  axb4 {[%clk 0:10:27]} 38. cxb4 {[%clk 0:04:49]}  Be5 {[%clk 0:10:52]} 39. Rc1 {[%clk 0:04:18]}  Bg7 {[%clk 0:11:03]} 40. Rc6 {[%clk 0:03:53]}  Bh6+ {[%clk 0:11:25]} 41. Ke2 {[%clk 0:03:59]}  Rd2+ {[%clk 0:11:33]} 42. Ke1 {[%clk 0:04:11]}  Ra2 {[%clk 0:11:02]} 43. Rxb6 {[%clk 0:02:34]}  Bd2+ {[%clk 0:11:20]} 44. Kf1 {[%clk 0:02:53]}  Bxb4 {[%clk 0:11:41]} 45. Nd4 {[%clk 0:01:27]}  Bc5 {[%clk 0:11:47]} 46. Rb7+ {[%clk 0:01:31]}  Kf6 {[%clk 0:11:36]} 47. Ne2 {[%clk 0:01:48]}  Rxa4 {[%clk 0:11:16]} 48. Rb5 {[%clk 0:01:49]}  Rc4 {[%clk 0:10:35]} 49. Nf4 {[%clk 0:01:57]}  e5 {[%clk 0:10:05]} 50. Nd3 {[%clk 0:01:09]}  Bd4 {[%clk 0:10:18]} 51. Ra5 {[%clk 0:00:54]}  Rc3 {[%clk 0:09:39]} 52. Ne1 {[%clk 0:00:37]}  Rc1 {[%clk 0:09:09]} 53. Ra6+ {[%clk 0:00:58]}  Kg7 {[%clk 0:09:05]} 54. Ke2 {[%clk 0:01:11]}  Bc3 {[%clk 0:08:41]} 55. Ng2 {[%clk 0:01:22]}  Rc2+ {[%clk 0:08:12]} 56. Kd3 {[%clk 0:01:22]}  Rxf2 {[%clk 0:08:33]} 57. Nh4 {[%clk 0:01:17]}  Bd4 {[%clk 0:07:20]} 58. Ke4 {[%clk 0:01:28]}  Re2+ {[%clk 0:07:01]} 59. Kd3 {[%clk 0:01:08]}  Rxh2 {[%clk 0:06:06]} 60. Nf5+ {[%clk 0:01:33]}  Kh7 {[%clk 0:06:16]} 61. Rh6+ {[%clk 0:01:48]}  Kg8 {[%clk 0:06:41]} 62. Ne7+ {[%clk 0:02:06]}  Kf8 {[%clk 0:06:28]} 63. Nf5 {[%clk 0:02:30]}  Ke8 {[%clk 0:06:40]} 64. Ng7+ {[%clk 0:01:46]}  Kd7 {[%clk 0:05:53]} 65. Nxh5 {[%clk 0:01:19]}  Ke7 {[%clk 0:05:45]} 66. Ke4 {[%clk 0:01:18]}  Bc3 {[%clk 0:04:35]} 67. Kf5 {[%clk 0:01:07]}  Rf2+ {[%clk 0:03:26]} 68. Kxg4 {[%clk 0:01:28]}  e4 {[%clk 0:03:28]} 69. Nf4 {[%clk 0:01:25]}  Be5 {[%clk 0:03:24]} 70. Ra6 {[%clk 0:01:05]}  Kf8 {[%clk 0:02:43]} 71. Ra4 {[%clk 0:01:06]}  Bxf4 {[%clk 0:02:31]} 72. gxf4 {[%clk 0:01:29]}  Rg2+ {[%clk 0:02:31]} 73. Kf5 {[%clk 0:00:55]}  e3 {[%clk 0:02:53]} 74. Ke4 {[%clk 0:00:42]}  e2 {[%clk 0:02:18]} 75. Ra1 {[%clk 0:01:09]}  Kg7 {[%clk 0:02:03]} 76. Kf3 {[%clk 0:01:15]}  Rh2 {[%clk 0:02:28]} 77. Re1 {[%clk 0:01:34]}  Kg6 {[%clk 0:01:55]} 78. Kg3 {[%clk 0:01:51]}  Rh8 {[%clk 0:01:39]} 79. Rxe2 {[%clk 0:02:11]} 1/2-1/2

[Event "9 Round Open"]
[Site "Enniscrone, Sligo, IE"]
[Date "2026.02.03"]
[Round "2"]
[White "Rakhmangulov, Andrei"]
[Black "O`Flaherty, Kevin"]
[Result "1-0"]
[Board "8"]
[WhiteFideId "14101467"]
[BlackFideId "2502283"]
[WhiteTitle "IM"]
[WhiteElo "2262"]
[BlackElo "1956"]
[WhiteTeam "UKR"]
[BlackTeam "IRL"]
[WhiteClock "0:11:40"]
[BlackClock "0:02:49"]
[Variant "Standard"]

1. d4 {[%clk 1:26:53]}  d5 {[%clk 1:30:45]} 2. c4 {[%clk 1:26:24]}  dxc4 {[%clk 1:30:55]} 3. e4 {[%clk 1:26:38]}  e5 {[%clk 1:31:17]} 4. Nf3 {[%clk 1:26:10]}  exd4 {[%clk 1:31:09]} 5. Qxd4 {[%clk 1:23:02]}  Qxd4 {[%clk 1:21:21]} 6. Nxd4 {[%clk 1:23:19]}  Nf6 {[%clk 1:21:27]} 7. f3 {[%clk 1:21:08]}  Bc5 {[%clk 1:17:35]} 8. Nb5 {[%clk 1:18:24]}  Bb6 {[%clk 1:10:30]} 9. Bf4 {[%clk 1:14:54]}  Na6 {[%clk 1:06:50]} 10. N1a3 {[%clk 1:06:21]}  Ba5+ {[%clk 0:53:12]} 11. Kf2 {[%clk 0:57:21]}  Bb6+ {[%clk 0:49:44]} 12. Be3 {[%clk 0:56:58]}  Be6 {[%clk 0:43:27]} 13. Bxc4 {[%clk 0:54:35]}  O-O {[%clk 0:38:43]} 14. Rhd1 {[%clk 0:52:06]}  Nc5 {[%clk 0:30:55]} 15. Ke2 {[%clk 0:49:44]}  c6 {[%clk 0:26:00]} 16. Nd6 {[%clk 0:40:40]}  Rab8 {[%clk 0:21:22]} 17. Rac1 {[%clk 0:38:25]}  Rfd8 {[%clk 0:16:00]} 18. h3 {[%clk 0:30:28]}  h6 {[%clk 0:12:10]} 19. b4 {[%clk 0:18:48]}  Ncd7 {[%clk 0:08:24]} 20. Bxe6 {[%clk 0:17:50]}  fxe6 {[%clk 0:08:52]} 21. Nac4 {[%clk 0:17:58]}  Bc7 {[%clk 0:07:52]} 22. Na5 {[%clk 0:15:35]}  Ne5 {[%clk 0:04:33]} 23. Naxb7 {[%clk 0:11:09]}  Bxd6 {[%clk 0:02:36]} 24. Nxd8 {[%clk 0:11:22]}  Rxd8 {[%clk 0:02:49]} 25. f4 {[%clk 0:11:40]} 1-0

[Event "9 Round Open"]
[Site "Enniscrone, Sligo, IE"]
[Date "2026.02.03"]
[Round "2"]
[White "Machin Arbelo, Pedro Alexis"]
[Black "Liu, Jason"]
[Result "0-1"]
[Board "9"]
[WhiteFideId "2260972"]
[BlackFideId "2514656"]
[BlackTitle "FM"]
[WhiteElo "1950"]
[BlackElo "2181"]
[WhiteTeam "ESP"]
[BlackTeam "IRL"]
[WhiteClock "0:00:36"]
[BlackClock "0:01:23"]
[Variant "Standard"]

1. d4 {[%clk 1:30:47]}  e6 {[%clk 1:30:38]} 2. Nf3 {[%clk 1:31:07]}  Nf6 {[%clk 1:30:57]} 3. Bf4 {[%clk 1:30:54]}  d5 {[%clk 1:31:14]} 4. e3 {[%clk 1:30:46]}  c5 {[%clk 1:31:24]} 5. c3 {[%clk 1:30:07]}  Qb6 {[%clk 1:31:28]} 6. Qb3 {[%clk 1:26:57]}  Be7 {[%clk 1:31:13]} 7. Nbd2 {[%clk 1:25:30]}  O-O {[%clk 1:30:55]} 8. dxc5 {[%clk 1:22:17]}  Qxc5 {[%clk 1:25:28]} 9. Bd3 {[%clk 1:22:10]}  b6 {[%clk 1:22:43]} 10. e4 {[%clk 1:13:34]}  Ba6 {[%clk 1:14:27]} 11. Bxa6 {[%clk 0:57:36]}  Nxa6 {[%clk 1:14:47]} 12. e5 {[%clk 0:56:31]}  Ne4 {[%clk 1:06:38]} 13. O-O {[%clk 0:51:24]}  Rfd8 {[%clk 0:55:39]} 14. Qa4 {[%clk 0:38:13]}  Nxd2 {[%clk 0:54:23]} 15. Bxd2 {[%clk 0:38:17]}  Qc4 {[%clk 0:41:41]} 16. Qxc4 {[%clk 0:23:49]}  dxc4 {[%clk 0:42:06]} 17. Be3 {[%clk 0:24:00]}  Rd5 {[%clk 0:36:58]} 18. Rfd1 {[%clk 0:23:04]}  Rad8 {[%clk 0:31:39]} 19. Rxd5 {[%clk 0:23:18]}  Rxd5 {[%clk 0:30:16]} 20. b3 {[%clk 0:18:51]}  Rd3 {[%clk 0:22:27]} 21. Bd4 {[%clk 0:18:06]}  Nc5 {[%clk 0:16:07]} 22. bxc4 {[%clk 0:13:39]}  Na4 {[%clk 0:14:25]} 23. Ne1 {[%clk 0:07:01]}  Rd2 {[%clk 0:14:39]} 24. Kf1 {[%clk 0:05:29]}  h6 {[%clk 0:09:24]} 25. Nf3 {[%clk 0:05:21]}  Rb2 {[%clk 0:09:30]} 26. Ne1 {[%clk 0:05:07]}  Ba3 {[%clk 0:08:08]} 27. Be3 {[%clk 0:03:57]}  Bc5 {[%clk 0:06:44]} 28. Nd3 {[%clk 0:01:39]}  Rc2 {[%clk 0:07:11]} 29. Nxc5 {[%clk 0:01:00]}  bxc5 {[%clk 0:06:22]} 30. Rb1 {[%clk 0:00:52]}  Rxa2 {[%clk 0:05:09]} 31. Rb8+ {[%clk 0:00:50]}  Kh7 {[%clk 0:05:38]} 32. Rb7 {[%clk 0:00:53]}  Kg6 {[%clk 0:06:03]} 33. g4 {[%clk 0:00:41]}  Nxc3 {[%clk 0:04:24]} 34. Bxc5 {[%clk 0:01:08]}  Ne4 {[%clk 0:02:15]} 35. Bxa7 {[%clk 0:01:35]}  Nd2+ {[%clk 0:02:28]} 36. Kg2 {[%clk 0:01:50]}  Nxc4 {[%clk 0:02:57]} 37. h4 {[%clk 0:02:06]}  Nxe5 {[%clk 0:02:16]} 38. h5+ {[%clk 0:01:46]}  Kh7 {[%clk 0:01:03]} 39. Bd4 {[%clk 0:01:49]}  Nxg4 {[%clk 0:01:25]} 40. Rxf7 {[%clk 0:02:11]}  e5 {[%clk 0:01:45]} 41. Bc3 {[%clk 0:00:48]}  Rc2 {[%clk 0:02:07]} 42. Ba1 {[%clk 0:00:37]}  Kg8 {[%clk 0:01:18]} 43. Rb7 {[%clk 0:00:45]}  Nxf2 {[%clk 0:01:25]} 44. Rb2 {[%clk 0:00:39]}  Rxb2 {[%clk 0:01:37]} 45. Bxb2 {[%clk 0:01:07]}  Nd3 {[%clk 0:01:54]} 46. Bc3 {[%clk 0:01:30]}  Nf4+ {[%clk 0:01:52]} 47. Kf3 {[%clk 0:01:57]}  Nxh5 {[%clk 0:02:14]} 48. Bxe5 {[%clk 0:02:12]}  Kf7 {[%clk 0:02:25]} 49. Kg4 {[%clk 0:02:06]}  Nf6+ {[%clk 0:02:48]} 50. Kh4 {[%clk 0:00:58]}  Ke6 {[%clk 0:02:54]} 51. Bb8 {[%clk 0:01:09]}  Kf5 {[%clk 0:03:05]} 52. Kh3 {[%clk 0:01:21]}  g5 {[%clk 0:02:54]} 53. Ba7 {[%clk 0:00:47]}  h5 {[%clk 0:03:06]} 54. Bb8 {[%clk 0:01:01]}  Nd5 {[%clk 0:03:17]} 55. Kg3 {[%clk 0:01:02]}  Nf4 {[%clk 0:02:59]} 56. Kh2 {[%clk 0:00:57]}  Kg4 {[%clk 0:02:22]} 57. Bd6 {[%clk 0:01:12]}  Kf3 {[%clk 0:01:20]} 58. Be7 {[%clk 0:00:51]}  g4 {[%clk 0:01:02]} 59. Bh4 {[%clk 0:00:58]}  Ng2 {[%clk 0:01:12]} 60. Bg3 {[%clk 0:00:41]}  Ne3 {[%clk 0:01:03]} 61. Bh4 {[%clk 0:00:39]}  Nf1+ {[%clk 0:00:51]} 62. Kg1 {[%clk 0:00:55]}  Ng3 {[%clk 0:01:15]} 63. Kh2 {[%clk 0:01:14]}  Nf5 {[%clk 0:01:33]} 64. Bd8 {[%clk 0:00:51]}  h4 {[%clk 0:01:56]} 65. Bf6 {[%clk 0:00:36]}  g3+ {[%clk 0:01:23]} 66. Kg1 {[%clk 0:00:36]} 0-1

[Event "9 Round Open"]
[Site "Enniscrone, Sligo, IE"]
[Date "2026.02.03"]
[Round "2"]
[White "Fathallah, Joe"]
[Black "Bartczak, Korneliusz"]
[Result "0-1"]
[Board "10"]
[WhiteFideId "1801899"]
[BlackFideId "2523558"]
[WhiteElo "1956"]
[BlackElo "2077"]
[WhiteTeam "WLS"]
[BlackTeam "IRL"]
[WhiteClock "0:00:35"]
[BlackClock "0:08:48"]
[Variant "Standard"]

1. d4 {[%clk 1:30:56]}  d5 {[%clk 1:30:42]} 2. c4 {[%clk 1:31:10]}  c6 {[%clk 1:31:04]} 3. Nf3 {[%clk 1:31:29]}  Nf6 {[%clk 1:31:24]} 4. Nc3 {[%clk 1:31:53]}  e6 {[%clk 1:31:29]} 5. e3 {[%clk 1:31:56]}  Nbd7 {[%clk 1:31:30]} 6. Bd3 {[%clk 1:32:03]}  Bd6 {[%clk 1:31:27]} 7. O-O {[%clk 1:31:43]}  O-O {[%clk 1:31:40]} 8. Qc2 {[%clk 1:24:24]}  dxc4 {[%clk 1:31:14]} 9. Bxc4 {[%clk 1:24:46]}  Qe7 {[%clk 1:31:37]} 10. e4 {[%clk 1:20:27]}  e5 {[%clk 1:31:58]} 11. d5 {[%clk 1:15:51]}  Nb6 {[%clk 1:32:09]} 12. b3 {[%clk 1:10:37]}  cxd5 {[%clk 1:32:00]} 13. Nxd5 {[%clk 1:10:21]}  Nfxd5 {[%clk 1:31:39]} 14. Bxd5 {[%clk 1:09:42]}  Nxd5 {[%clk 1:31:39]} 15. exd5 {[%clk 1:10:08]}  f5 {[%clk 1:27:50]} 16. Bb2 {[%clk 1:06:53]}  e4 {[%clk 1:23:15]} 17. Rfe1 {[%clk 1:00:40]}  Bd7 {[%clk 1:18:56]} 18. Qd2 {[%clk 0:54:57]}  Rae8 {[%clk 1:09:13]} 19. Rad1 {[%clk 0:40:07]}  Qd8 {[%clk 0:58:33]} 20. Nd4 {[%clk 0:31:47]}  Qh4 {[%clk 0:43:38]} 21. g3 {[%clk 0:30:49]}  Qh3 {[%clk 0:38:49]} 22. f4 {[%clk 0:23:16]}  exf3 {[%clk 0:35:12]} 23. Nxf3 {[%clk 0:21:17]}  f4 {[%clk 0:32:32]} 24. Ng5 {[%clk 0:13:00]}  Qf5 {[%clk 0:21:18]} 25. Ne6 {[%clk 0:09:01]}  fxg3 {[%clk 0:17:38]} 26. Nxf8 {[%clk 0:07:08]}  gxh2+ {[%clk 0:17:50]} 27. Kh1 {[%clk 0:07:02]}  Rxf8 {[%clk 0:17:34]} 28. Qg2 {[%clk 0:03:03]}  Qg4 {[%clk 0:13:13]} 29. Rd4 {[%clk 0:02:58]}  Qxg2+ {[%clk 0:12:17]} 30. Kxg2 {[%clk 0:03:27]}  Bc5 {[%clk 0:12:08]} 31. Re2 {[%clk 0:02:29]}  Bd6 {[%clk 0:11:00]} 32. Rh4 {[%clk 0:02:25]}  Rf5 {[%clk 0:09:05]} 33. Rxh2 {[%clk 0:00:47]}  Bxh2 {[%clk 0:09:16]} 34. Kxh2 {[%clk 0:00:39]}  Rxd5 {[%clk 0:09:33]} 35. Kg3 {[%clk 0:00:50]}  Kf7 {[%clk 0:08:04]} 36. Kf4 {[%clk 0:00:56]}  g5+ {[%clk 0:07:52]} 37. Ke4 {[%clk 0:01:08]}  Bc6 {[%clk 0:08:03]} 38. Rf2+ {[%clk 0:01:16]}  Kg6 {[%clk 0:07:54]} 39. Rf6+ {[%clk 0:01:10]}  Kh5 {[%clk 0:08:20]} 40. Ke3 {[%clk 0:01:27]}  Rd7 {[%clk 0:08:15]} 41. Bd4 {[%clk 0:00:48]}  a6 {[%clk 0:08:19]} 42. Bc5 {[%clk 0:00:56]}  Kg4 {[%clk 0:08:01]} 43. Rd6 {[%clk 0:00:47]}  Rxd6 {[%clk 0:07:10]} 44. Bxd6 {[%clk 0:01:16]}  Kh3 {[%clk 0:07:01]} 45. Kf2 {[%clk 0:01:40]}  h5 {[%clk 0:07:24]} 46. Kg1 {[%clk 0:01:17]}  g4 {[%clk 0:07:42]} 47. a4 {[%clk 0:01:04]}  h4 {[%clk 0:08:00]} 48. a5 {[%clk 0:01:07]}  g3 {[%clk 0:08:23]} 49. Bc7 {[%clk 0:00:35]}  Kg4 {[%clk 0:08:48]} 0-1

[Event "9 Round Open"]
[Site "Enniscrone, Sligo, IE"]
[Date "2026.02.03"]
[Round "2"]
[White "Dolan, Peter"]
[Black "Armstrong, Chris"]
[Result "1-0"]
[Board "11"]
[WhiteFideId "2413612"]
[BlackFideId "2510340"]
[WhiteElo "1781"]
[BlackElo "1648"]
[WhiteTeam "SCO"]
[BlackTeam "IRL"]
[WhiteClock "0:19:36"]
[BlackClock "0:11:04"]
[Variant "Standard"]

1. d4 {[%clk 1:30:50]}  f5 {[%clk 1:04:50]} 2. c4 {[%clk 1:31:08]}  Nf6 {[%clk 1:05:16]} 3. Nc3 {[%clk 1:31:21]}  e6 {[%clk 1:05:39]} 4. a3 {[%clk 1:31:33]}  Be7 {[%clk 1:05:57]} 5. Nf3 {[%clk 1:31:30]}  O-O {[%clk 1:05:53]} 6. e3 {[%clk 1:29:51]}  d6 {[%clk 1:05:44]} 7. Bd3 {[%clk 1:29:08]}  Nc6 {[%clk 1:05:04]} 8. Qc2 {[%clk 1:19:39]}  Bd7 {[%clk 1:04:29]} 9. b4 {[%clk 1:18:29]}  a6 {[%clk 1:04:19]} 10. O-O {[%clk 1:15:32]}  Qe8 {[%clk 1:03:57]} 11. d5 {[%clk 1:13:39]}  Nd8 {[%clk 1:00:59]} 12. dxe6 {[%clk 1:12:31]}  Bxe6 {[%clk 1:01:17]} 13. Nd4 {[%clk 1:12:25]}  Bd7 {[%clk 1:00:53]} 14. Nxf5 {[%clk 1:12:08]}  Bxf5 {[%clk 1:00:01]} 15. Bxf5 {[%clk 1:12:21]}  Qh5 {[%clk 0:59:41]} 16. f3 {[%clk 1:06:30]}  Ne8 {[%clk 0:53:37]} 17. Nd5 {[%clk 1:02:30]}  Bf6 {[%clk 0:52:52]} 18. Nxf6+ {[%clk 0:58:37]}  Nxf6 {[%clk 0:52:15]} 19. Bb2 {[%clk 0:54:22]}  Nc6 {[%clk 0:49:53]} 20. Rad1 {[%clk 0:44:11]}  Ne7 {[%clk 0:47:49]} 21. Be6+ {[%clk 0:43:07]}  Kh8 {[%clk 0:48:08]} 22. e4 {[%clk 0:42:42]}  Ng6 {[%clk 0:46:59]} 23. f4 {[%clk 0:40:03]}  Ng4 {[%clk 0:45:01]} 24. Bxg4 {[%clk 0:39:15]}  Qxg4 {[%clk 0:45:05]} 25. f5 {[%clk 0:38:42]}  Nf4 {[%clk 0:43:45]} 26. Rf3 {[%clk 0:37:25]}  Nh5 {[%clk 0:42:15]} 27. Rd4 {[%clk 0:30:04]}  Qg5 {[%clk 0:38:34]} 28. Qf2 {[%clk 0:28:20]}  Qe7 {[%clk 0:36:47]} 29. g4 {[%clk 0:26:51]}  Nf6 {[%clk 0:36:21]} 30. Qh4 {[%clk 0:24:34]}  Rae8 {[%clk 0:34:47]} 31. Rh3 {[%clk 0:21:42]}  h6 {[%clk 0:33:15]} 32. g5 {[%clk 0:21:18]}  Ng8 {[%clk 0:32:48]} 33. f6 {[%clk 0:19:36]}  gxf6 {[%clk 0:30:14]} 34. gxf6 {[%clk 0:19:51]}  Qf7 {[%clk 0:28:45]} 35. Rd2 {[%clk 0:19:30]}  Kh7 {[%clk 0:24:58]} 36. Rg2 {[%clk 0:18:54]}  Qxc4 {[%clk 0:11:43]} 37. Rg7+ {[%clk 0:19:15]}  Kh8 {[%clk 0:11:04]} 38. Qxh6+ {[%clk 0:19:36]} 1-0

[Event "9 Round Open"]
[Site "Enniscrone, Sligo, IE"]
[Date "2026.02.03"]
[Round "2"]
[White "Morriss, Pete"]
[Black "Smith, Lynda"]
[Result "1-0"]
[Board "12"]
[WhiteFideId "2500230"]
[BlackFideId "1800191"]
[BlackTitle "WCM"]
[WhiteElo "1931"]
[BlackElo "1822"]
[WhiteTeam "IRL"]
[BlackTeam "WLS"]
[WhiteClock "0:05:08"]
[BlackClock "0:04:10"]
[Variant "Standard"]

1. e4 {[%clk 1:25:01]}  c5 {[%clk 1:30:53]} 2. Nf3 {[%clk 1:25:06]}  g6 {[%clk 1:30:42]} 3. c4 {[%clk 1:23:59]}  Bg7 {[%clk 1:29:54]} 4. d4 {[%clk 1:24:14]}  cxd4 {[%clk 1:30:08]} 5. Nxd4 {[%clk 1:24:33]}  Nc6 {[%clk 1:29:59]} 6. Be3 {[%clk 1:24:41]}  Nf6 {[%clk 1:29:57]} 7. Nc3 {[%clk 1:24:58]}  d6 {[%clk 1:30:15]} 8. Be2 {[%clk 1:23:46]}  O-O {[%clk 1:29:30]} 9. O-O {[%clk 1:22:59]}  Bd7 {[%clk 1:28:25]} 10. Rc1 {[%clk 1:19:11]}  Nxd4 {[%clk 1:23:17]} 11. Bxd4 {[%clk 1:18:02]}  Bc6 {[%clk 1:23:20]} 12. f3 {[%clk 1:15:39]}  b6 {[%clk 1:19:52]} 13. Qd2 {[%clk 1:08:17]}  Nd7 {[%clk 1:18:31]} 14. Rfd1 {[%clk 1:01:45]}  Rc8 {[%clk 1:16:10]} 15. Bxg7 {[%clk 0:57:44]}  Kxg7 {[%clk 1:16:29]} 16. Qd4+ {[%clk 0:57:10]}  Kg8 {[%clk 1:16:38]} 17. f4 {[%clk 0:55:44]}  a5 {[%clk 1:14:13]} 18. Nd5 {[%clk 0:49:11]}  Bxd5 {[%clk 1:11:28]} 19. exd5 {[%clk 0:46:09]}  Nc5 {[%clk 1:09:33]} 20. Rc3 {[%clk 0:44:03]}  Qc7 {[%clk 1:07:24]} 21. Re1 {[%clk 0:39:49]}  Na4 {[%clk 1:04:57]} 22. Re3 {[%clk 0:38:06]}  Rfe8 {[%clk 1:02:45]} 23. f5 {[%clk 0:34:42]}  Qc5 {[%clk 1:00:46]} 24. Qxc5 {[%clk 0:30:28]}  Nxc5 {[%clk 1:00:44]} 25. fxg6 {[%clk 0:27:14]}  hxg6 {[%clk 0:59:18]} 26. Bg4 {[%clk 0:24:21]}  Rc7 {[%clk 0:55:57]} 27. b3 {[%clk 0:23:24]}  Kg7 {[%clk 0:55:29]} 28. h4 {[%clk 0:22:05]}  f5 {[%clk 0:53:44]} 29. Bf3 {[%clk 0:21:25]}  Kf6 {[%clk 0:52:55]} 30. Kf2 {[%clk 0:20:34]}  Rh8 {[%clk 0:46:14]} 31. g3 {[%clk 0:20:06]}  Rh7 {[%clk 0:45:06]} 32. R1e2 {[%clk 0:19:00]}  Rc8 {[%clk 0:43:58]} 33. Ke1 {[%clk 0:16:11]}  Rch8 {[%clk 0:42:49]} 34. a3 {[%clk 0:15:59]}  Re8 {[%clk 0:36:40]} 35. Kd2 {[%clk 0:15:40]}  Nd7 {[%clk 0:33:47]} 36. Re6+ {[%clk 0:13:52]}  Kf7 {[%clk 0:33:46]} 37. Kc3 {[%clk 0:12:47]}  Ne5 {[%clk 0:33:21]} 38. Bg2 {[%clk 0:11:44]}  Rc8 {[%clk 0:32:38]} 39. Kd4 {[%clk 0:11:22]}  Rhh8 {[%clk 0:31:52]} 40. Bf1 {[%clk 0:09:47]}  Rc7 {[%clk 0:30:00]} 41. Ra2 {[%clk 0:08:57]}  Ra8 {[%clk 0:28:28]} 42. Be2 {[%clk 0:08:23]}  Rh8 {[%clk 0:27:46]} 43. Ra1 {[%clk 0:08:07]}  Nc6+ {[%clk 0:23:30]} 44. Kc3 {[%clk 0:06:54]}  Ne5 {[%clk 0:23:22]} 45. Rf1 {[%clk 0:06:59]}  Kg7 {[%clk 0:18:00]} 46. h5 {[%clk 0:05:23]}  Rh6 {[%clk 0:13:14]} 47. Kd4 {[%clk 0:04:59]}  Ra7 {[%clk 0:09:05]} 48. Ke3 {[%clk 0:04:44]}  Rc7 {[%clk 0:05:50]} 49. Rf4 {[%clk 0:04:45]}  gxh5 {[%clk 0:03:29]} 50. Rxh6 {[%clk 0:04:20]}  Kxh6 {[%clk 0:03:55]} 51. Rxf5 {[%clk 0:04:38]}  Ng4+ {[%clk 0:03:41]} 52. Bxg4 {[%clk 0:04:10]}  hxg4 {[%clk 0:04:08]} 53. a4 {[%clk 0:03:22]}  Kg6 {[%clk 0:03:41]} 54. Kf4 {[%clk 0:02:06]}  e5+ {[%clk 0:03:15]} 55. dxe6 {[%clk 0:02:47]}  Re7 {[%clk 0:03:38]} 56. Kxg4 {[%clk 0:02:57]}  Rxe6 {[%clk 0:04:05]} 57. Rb5 {[%clk 0:03:00]}  Re4+ {[%clk 0:03:19]} 58. Kf3 {[%clk 0:03:22]}  Rd4 {[%clk 0:03:03]} 59. Rxb6 {[%clk 0:03:32]}  Kf5 {[%clk 0:03:20]} 60. g4+ {[%clk 0:03:19]}  Kg5 {[%clk 0:02:59]} 61. Rb5+ {[%clk 0:03:37]}  Kf6 {[%clk 0:03:20]} 62. Rd5 {[%clk 0:03:21]}  Rxd5 {[%clk 0:02:42]} 63. cxd5 {[%clk 0:03:44]}  Ke5 {[%clk 0:03:04]} 64. g5 {[%clk 0:04:02]}  Kf5 {[%clk 0:03:19]} 65. Ke3 {[%clk 0:04:02]}  Kxg5 {[%clk 0:03:43]} 66. Kd4 {[%clk 0:04:23]}  Kf5 {[%clk 0:03:54]} 67. b4 {[%clk 0:04:45]}  axb4 {[%clk 0:04:08]} 68. a5 {[%clk 0:05:08]}  b3 {[%clk 0:04:10]} 1-0